Kebun ayah
| Main Author: | |
|---|---|
| Format: | Book |
| Published: |
Petaling Jaya :
Pustaka Siswa Moden ,
1987
|
| Series: | Siri Temanku
|
| Subjects: |
MARC
| LEADER | 00000cam a2200000 7i4500 | ||
|---|---|---|---|
| 001 | 0000003474 | ||
| 002 | 000003744 | ||
| 005 | 20000330.0 | ||
| 020 | |a 9839595083 | ||
| 090 | 0 | 0 | |a JF |b ABD |
| 100 | 0 | |a Abdul Jalil | |
| 245 | 1 | 0 | |a Kebun ayah |c Abdul Jalil |
| 260 | |a Petaling Jaya : |b Pustaka Siswa Moden , |c 1987 | ||
| 300 | |a 22p. : |b ill. ; |c 17cm. | ||
| 490 | 0 | |a Siri Temanku | |
| 650 | 0 | 0 | |a Children's stories |
| 999 | |a 031664 |b BUKU |c PINJAMAN |e PERPUSTAKAAN KOMUNITI CAW KOTA DAMANSARA | ||
| 999 | |a 031666 |b BUKU |c JUNIOR FICTION |e PERPUSTAKAAN KOMUNITI CAW KOTA DAMANSARA | ||